[Event "Dortmund 47th"]
[Site "Dortmund"]
[Date "2019.07.16"]
[Round "3"]
[White "Dominguez Perez, Leinier"]
[Black "Nepomniachtchi, Ian"]
[Result "1-0"]
[WhiteElo "2760"]
[BlackElo "2775"]
[Annotator "Meyer,CD"]
[PlyCount "49"]
[EventDate "2019.07.13"]
[EventType "tourn"]
[EventRounds "7"]
[EventCountry "GER"]
[EventCategory "19"]
[SourceTitle "CBM 191"]
[Source "ChessBase"]
[SourceDate "2019.08.31"]
[SourceVersion "1"]
[SourceVersionDate "2019.08.31"]
[SourceQuality "1"]

1. e4 c6 2. d4 d5 3. e5 c5 4. dxc5 e6 5. Bd3 $5 {Eine sehr seltene Fortsetzung
der Caro/Kann-Vorstoßvariante, viel häufiger anzutreffen sind 5.Be3/a3/Nf3/
Qg4.} Bxc5 {Hier gibt es mit 5...Nc6 und 5...Nd7 beachtliche Alternativen.} 6.
Qg4 {Diese Option des Damenausfalls hat sich Weiß mit seinem 5.Zug offen
gelassen.} Ne7 {[#] Die Einladung zu einem wilden Tanz wird von dem nun unter
US-Flagge agierenden kubanischen Spitzenmann abgelehnt.} 7. b4 ({Extrem
zweischneidiges und kompliziertes Spiel ergäbe der doppelte Bauernraub} 7.
Qxg7 Rg8 8. Qxh7 {wegen z.B.} Qb6 9. Nh3 Nbc6 $44 ({bloß nicht} 9... Rxg2 $2 {
wegen} 10. Kf1 Rg8 11. Rg1 Rxg1+ 12. Kxg1)) 7... h5 $146 {Ein verpflichtender
Bauernaufzug, um die feindliche Dame von g7 abzulenken.} ({Die Großmeister
bewegen sich auf unerforschtem Terrain, aus der Praxis lässt sich hierzu nur
noch eine Partie finden:} 7... Bb6 8. Nf3 a5 $6 (8... Ng6) 9. b5 (9. Qxg7 $5)
9... Ng6 10. h4 f5 $6 (10... Qc7 $142 11. Bb2 Qc5) 11. Qg3 O-O 12. h5 Nh8 13.
Bh6 Qe7 14. Bg5 Qb4+ $6 {Der Beginn eines verfehlten Plans, bei dem sich die
schwarze Dame im gegnerischen Lager verirrt.} (14... Qc7 $142) 15. Nbd2 (15.
Bd2 $142) 15... Qg4 $2 (15... Nd7 $142) 16. Qh2 $1 Nd7 $2 (16... Qb4 $142) 17.
Bf4 $1 Nc5 18. Be2 Ne4 19. Rf1 (19. Nd4 $142 $1 $18) 19... Nc3 20. Ng1 Nxe2 21.
Nxe2 g6 22. hxg6 Qxg6 23. a4 (23. Bh6) 23... Bd7 24. Ra3 Qf7 25. Rh1 Rfe8 26.
Rh3 Re7 27. Nf3 Qg7 28. Ng5 {- 1-0, Vitiugov,N (2726) - O'Donnell,C (2360),
Batumi 2018}) 8. Qf4 $1 ({Weiß findet ein geeignetes Feld für seine Dame,
zumal} 8. Qg3 $2 {an der taktischen Finesse} Bd4 $1 9. c3 Qc7 $1 {scheitern
würde.}) 8... Bb6 (8... g5 $4 {würde wegen} 9. Qf6 $1 (9. Qxg5 $143 Bxb4+ 10.
c3 Bc5) 9... Bxb4+ 10. c3 $18 {fehlschlagen.}) 9. Nf3 Nbc6 10. Nbd2 a5 $1 11.
b5 (11. bxa5 Bxa5 12. O-O Nf5 $13) 11... Nb4 12. Ba3 Nxd3+ 13. cxd3 Bd7 14. Qa4
$5 Nf5 15. Rc1 g5 16. h3 Rc8 17. Rxc8 Qxc8 18. Ke2 $1 {Die kritische
Partiestellung, in der der russische Turnierfavorit und Titelverteidiger mit
einem gekünstelten Damenmanöver völlig aus der Spur gerät.} Qb8 $2 ({
In dieser Phase hätte sich Nepomniachtchi, der seine Züge meist relativ
flott aufs Brett zauberte und zudem über einen beträchtlichen
Bedenkzeitvorsprung verfügte, wesentlich intensiver der Stellung widmen
sollen. Ein besserer Kandidatenzug war z.B.} 18... Qd8 $1 {mit der möglichen
Folge} 19. Nb3 Rg8 20. g4 (20. g3 f6) (20. Bc5 Bc7) 20... Nh4 21. Bc5 Bc7 22.
Nxh4 gxh4 $13 {/=}) 19. Nb3 $1 Qa7 ({Allem Anschein nach ist eine
befriedigende Verteidigung nicht mehr in Sicht. Alternativen, z.B.: I} 19...
Rg8 20. g4 Nh4 21. Bd6 Qd8 (21... Qa7 $2 22. Nxh4 gxh4 23. Rc1 Bxf2 (23... hxg4
24. Nc5 Bxc5 25. Rxc5 $18 Qb6 26. hxg4 h3 27. Qf4) 24. Rc8+ $1 Bxc8 25. b6+ Bd7
26. bxa7 $18) 22. Rc1 hxg4 (22... Nxf3 23. Kxf3 $16) 23. hxg4 $16 f6 24. Nc5) (
{II} 19... Bd8 20. Rc1 b6 21. g4 $16) ({III} 19... Nh4 20. Bd6 Qd8 21. Nxh4
gxh4 22. Nc5 Qg5 23. Nxb7 $16) 20. Rc1 $1 g4 ({I Nach} 20... Bxf2 $2 {zündet
wieder der Trick} 21. Rc8+ $1 Bxc8 22. b6+ Bd7 23. bxa7 $18) ({II} 20... Qb8
21. Nc5 h4 22. Kf1 Rg8 23. Rc2 Rg6 24. Nxd7 Kxd7 25. Bc5 $16 {/+-}) 21. hxg4
hxg4 22. Qxg4 Bxf2 {[#] Auf dieses Gegenspiel entlang der Diagonalen a7-g1
hatte Schwarz vergeblich seine Hoffungen gesetzt.} 23. Nc5 $1 $18 {Wonach
guter Rat bereits teuer ist.} Bg3 {[#]} ({Falls} 23... Be3 {, so kann} 24. Rh1
Nh6 25. Qg7 Rg8 26. Rxh6 Rxg7 27. Rh8+ Ke7 28. Nxb7+ Bc5 29. Bxc5+ Qxc5 30.
Nxc5 $18 {folgen. Aber auch nach dem Partiezug findet der schwarze Läufer
kein sicheres Plätzchen.}) 24. Rh1 $1 {Hebt die Verteidigung mit einer
hübschen taktischen Wendung aus den Angeln.} Rf8 (24... Rxh1 25. Qg8+ Ke7 26.
Nxb7+ Qc5 27. Qd8#) 25. Rh5 $1 {- Schwarz gab auf.} ({Nach} 25. Rh5 {könnte z.
B.} Bxb5 26. Rxf5 exf5 27. Qxg3 Qb6 (27... b6 28. Nb3 Rh8 29. Qg7 $18) (27...
f4 28. Qg7 $18 Qb6 29. Qxf8+ Kxf8 30. Nd7+ Ke8 31. Nxb6) 28. Nd4 $18 {folgen.})
1-0

[Event "Lake Sevan"]
[Site "Martuni"]
[Date "2011.07.22"]
[Round "1"]
[White "Zhigalko, Sergei"]
[Black "Jobava, Baadur"]
[Result "1/2-1/2"]
[WhiteElo "2689"]
[BlackElo "2713"]
[Annotator "Nadanian,A"]
[PlyCount "74"]
[EventDate "2011.07.22"]
[EventType "tourn"]
[EventRounds "9"]
[EventCountry "ARM"]
[EventCategory "16"]
[SourceTitle "CBM 144"]
[Source "ChessBase"]
[SourceDate "2011.09.16"]
[SourceVersion "1"]
[SourceVersionDate "2011.09.16"]
[SourceQuality "1"]

1. e4 c6 2. d4 d5 3. e5 Bf5 4. Nf3 e6 5. Be2 Nd7 6. O-O Bg6 7. Nbd2 Nh6 8. Nb3
Nf5 9. Bd2 Be7 10. g4 $1 {Una interesante idea del GM húngaro Attila
Groszpeter, que lo jugó por vez primera en 2002. Las blancas buscan avanzar su
peón f a f5 para molestar al alfil negro de casillas claras.} Nh4 ({Tras} 10...
Nh6 $6 11. h3 {el caballo negro de h6 está extremadamente restringido.}) 11.
Nxh4 Bxh4 12. f4 {Ahora las blancas amenazan con ganar una pieza tras 13.f5.
Las negras deben decidir como responder a esa amenaza. Hay tres opciones: 1)
situar el alfil en e4; 2) avanzar el peón f; 3) abrir una "ventana" para el
alfil, avanzando el peón h. Sin embargo, ninguna de esas posibilidades
prometen a las negras una vida dulce.} h6 {Tras la partida tanto Zhigalko como
Jobava criticaron esta jugada. Baadur dijo que durante la partida había tenido
una fuerte sensación de que alguien le había recomendado esta jugada antes.
Dijo que no lo había comprobado por si mismo y ahora encontraba que era
terrible. Estaría de acuerdo con él si las negras tuviesen una buena
alternativa, pero dado que las negras no tienen una opción razonable,
considero que 12...h6 es jugable. Las negras debería probablemente buscar la
igualdad en algún momento anterior.} ({El problema con} 12... Be4 {es que tras}
13. Be3 {el alfil negro es vulnerable a 14.Cd2.}) ({La jugada} 12... f6 {
permite a las blancas iniciar una peligrosa tormenta de peones tras} 13. f5 Bf7
14. g5 exf5 ({O} 14... Bxg5 15. Bg4 exf5 16. Bxg5 fxg5 17. Bxf5 Bg6 18. Bxg6+
hxg6 19. Qd3) 15. gxf6) (12... f5 13. exf6 ({Las blancas no pueden separar al
alfil del rival del resto del ejército con} 13. g5 {porque tras} h6 14. Bh5 Kf7
$1 15. Bxg6+ Kxg6 {las negras lo salvan con éxito.}) 13... Bxf6 14. g5 Be7 15.
Bg4 ({Según Zhigalko} 15. Bh5 {es también buena.}) 15... Bf5 16. Re1 ({
Bastante inocua es} 16. Bxf5 exf5 17. Qh5+ g6 18. Qh6 Kf7) 16... O-O 17. Rxe6
$1 Bxe6 18. Bxe6+ Kh8 19. Qg4 $1 (19. Qh5 g6 20. Qh6 Bd6 21. f5 gxf5 22. Re1 (
22. g6 Qe7 23. Re1 Nf6 24. Bxf5 Ne4) 22... Qc7 23. Re3 Nb6 24. Rh3 Rae8 25. Nc5
Qg7 26. g6 Re7 {Efimenko,Z (2683)-Parligras,M (2601)/Delmenhorst GER 2011 Las
negras aguantaron con éxito el ataque blanco.}) 19... Nb6 20. Rf1 Nc4 21. Bc1
Nd6 22. Nc5 g6 23. Nd7 {Las blancas tienen una fuerte iniciativa.
Caruana-Fernandez Romero, Gibraltar 2011.}) 13. f5 Bh7 14. Bd3 {Activa tanto
el alfil como la dama. El mayor dolor de cabeza de las negras es el
extremamente pasivo alfil de h7 y la insegura posición de su rey.} O-O 15. Qf3
{Simple y bueno. Las blancas ahora amenazan jugar 16.Ab4.} c5 $6 {Un intento
desesperado de liberar la posición.} ({Tras la paciente} 15... a5 16. a4 Bg5 {
la posición de las negras es pasiva pero defendible.}) 16. Nxc5 Nxc5 17. dxc5
f6 ({La más "natural"} 17... Qc7 $6 {es peor:} 18. Qh3 $1 Bg5 (18... Be7 {
Una línea muy hermosa es} 19. f6 Bxc5+ 20. Kh1 Bxd3 21. cxd3 Qxe5 22. Bxh6 $1
gxf6 23. Rf5 $3 exf5 ({O} 23... Qxb2 24. Raf1) 24. gxf5 {con mate en pocas
jugadas.}) 19. Bxg5 hxg5 20. fxe6 Bxd3 21. exf7+ Rxf7 22. Qxd3 Qxc5+ 23. Kg2)
18. fxe6 $6 ({Tras la correcta} 18. Bf4 {las blancas tienen un peón de ventaja
y una buena posición.}) 18... fxe5 19. Qxf8+ $6 ({Otro error más. Tras} 19.
Bxh7+ $6 Kxh7 20. Qb3 Re8 $1 21. Qxb7 Rxe6 {las negras tienen bastante
actividad a cambio de los peones.}) ({Sin embargo, era muy prometedor} 19. Bf5
$1 {Tras} e4 ({pero no} 19... g6 $2 20. Bxh6 gxf5 21. Bxf8 Qxf8 22. gxf5 {
La posición de las blancas está cerca de ser ganadora.}) 20. Qb3 Bxf5 ({Si} 
20... Be7 {entonces} 21. Rad1 $3 Bxc5+ 22. Kh1 {y las negras no pueden
aguantar el peón d5. Por ejemplo} Qd6 23. Bxh6 $3 gxh6 24. Rxd5 Qa6 25. Rfd1
Be7 26. Qe3 $1) 21. gxf5 Qc7 22. Kh1 d4 23. Qh3 e3 (23... Bf6 $2 24. Bxh6 $1
gxh6 25. Qxh6 Qh7 26. Rg1+ Kh8 27. Rg6 $1) 24. Qxh4 Qc6+ 25. Kg1 exd2 26. Rf2
$1 Qxc5 27. Qe4 $1 Rf6 28. Rd1 Raf8 29. Rdxd2 Rxf5 30. Rxf5 Qxf5 31. Qxf5 Rxf5
32. Rxd4 Re5 33. Rd7 {Las blancas tienen un peón de ventaja y buenas opciones
de ganar.}) 19... Qxf8 20. Rxf8+ Rxf8 21. Bxh7+ $2 (21. Rf1 {es mucho más
fuerte. En este caso las negras no serían capaces de atacar el peón e6 tan
fácilmente.}) 21... Kxh7 22. Be1 ({Ahora} 22. Rf1 {no es tan fuerte} Rxf1+ 23.
Kxf1 Kg6 24. Bc3 d4 25. Bb4 Kf6 (25... Be7 $4 26. c6 $1) 26. e7 Kf7 27. Ke2 e4
$1 28. c6 bxc6 29. Bc5 Bf6 $1 30. Bxa7 Kxe7 {con una posición igualada.}) 22...
Be7 23. Bf2 Kg6 $1 {Yendo a por el peón e6.} 24. Rd1 d4 25. c3 (25. Re1 $2 {
es un error garrafal:} Rxf2 $1 26. Kxf2 Bh4+ 27. Kf1 Bxe1 28. Kxe1 Kf6 {
y solo las negras pueden ganar aquí.}) 25... Bxc5 ({También era posible} 25...
dxc3 26. bxc3 Kf6 27. Rd7 Kxe6 28. Rxb7 Rf4 29. h3 Rc4 30. Rxa7 Rxc3 31. Kg2
Rc2) 26. b4 Bb6 27. cxd4 Rf4 {La posición está totalmente igualada ahora.} 28.
Re1 Rxg4+ 29. Kf1 Rf4 30. Kg2 Bxd4 31. Bxd4 Rxd4 32. Rxe5 Rd8 33. Rc5 Rd2+ 34.
Kf3 Kf6 35. Rc7 Kxe6 36. Rxb7 Rxa2 37. Rxg7 Rxh2 1/2-1/2

[Event "RUS-chT 09th Group1"]
[Site "Ekaterinburg"]
[Date "2002.05.22"]
[Round "6"]
[White "Bologan, Viktor"]
[Black "Bareev, Evgeny"]
[Result "0-1"]
[WhiteElo "2652"]
[BlackElo "2724"]
[Annotator "Lukacs,P"]
[PlyCount "70"]
[EventDate "2002.05.17"]
[EventType "team-tourn"]
[EventRounds "7"]
[EventCountry "RUS"]
[SourceTitle "CBM 090"]
[Source "ChessBase"]
[SourceDate "2002.09.20"]
[SourceVersion "1"]
[SourceVersionDate "2002.09.20"]
[SourceQuality "1"]
[WhiteTeam "Tyumen Gazovik"]
[BlackTeam "Norilsk Norilsky Nikel"]
[WhiteTeamCountry "RUS"]
[BlackTeamCountry "RUS"]

1. e4 c6 2. d4 d5 3. e5 Bf5 4. Nf3 e6 5. Be2 c5 6. Be3 cxd4 7. Nxd4 Ne7 8. c4 {
White wants to open up the position for his better developed pieces.} Nbc6 (
8... dxc4 {- Ni Hua-Lauber, Perenyi mem Gyula HUN 2000 CBM 75}) 9. Qa4 a6 10.
cxd5 (10. Nc3 dxc4 11. Rd1 Bd3 {This is the key-move for the defence.} 12. Bxd3
cxd3 13. Rxd3 b5 14. Ndxb5 $5 {- Ni Hua-Wu Shaobin, Zhong Hong Estate Cup 2001
CBM 85} (14. Qb3 {- Svidler-Leko, Tilburg Fontys 1998})) (10. O-O dxc4 11. Rd1
Qa5 12. Qxa5 Nxa5 13. Nxf5 Nxf5 14. Bb6 Nc6 {White has a strong ^^, but he has
no time to consolidate his position.} 15. f4 Rc8 16. Bxc4 Ncd4 17. Nd2 Rc6 18.
Bxd4 Nxd4 19. Bd3 Bc5 $11 {Kosteniuk-Chiburdanidze, FIDE World Cup-C (Women)
2000}) (10. Na3 Qa5+ 11. Qxa5 Nxa5 12. O-O dxc4 13. Nxc4 Nxc4 14. Bxc4 Be4 {
and the B comes back with a great effect, White has got nothing from the
opening.} 15. Rac1 Bd5 16. Be2 Rc8 17. Rxc8+ Nxc8 {1/2:1/2 Svidler-Anand,
Tilburg Fontys 1998}) 10... Nxd5 (10... Qxd5 $6 {attacks >< e5, but loses
vital tempi in an already undeveloped position.} 11. Nd2 Qa5 (11... Qxe5 {
gives White additional time to get a big advantage of development.} 12. Nc4 Qb8
13. Nb6 Ra7 14. O-O-O Qc7 (14... Bg6 15. Bf3 $16) 15. Bf3 $1 $16) 12. Qxa5 Nxa5
13. O-O Nd5 14. Nxf5 exf5 15. Bd4 {If White can preserve his strong ^^ in an
opened position, his _|_ will be better.} Bb4 16. Rfd1 O-O 17. Nc4 Nc6 18. a3
Be7 19. b4 Rfd8 20. Bb2 $14 {Sikula-Mihalko, Nyiregyhaza 1999}) (10... b5 $142
{is a strong intermediate move.} 11. Nxc6 (11. Qd1 Nxd4 12. Bxd4 Nxd5 13. Nc3 (
13. O-O Nb4 (13... Nf4 $5 14. Nc3 Rc8) 14. Nc3 {- 13.Nc3}) 13... Nb4 14. Rc1 (
14. O-O {allows the annoying penetration} Nc2 $5 (14... Rc8 $13) 15. Nxb5 $1
Be7 $1 $15 {This is the cold-blooded defence, otherwise White gets the upper
hand!} (15... Nxa1 16. Qa4 Be7 17. Nc7+ Kf8 18. Bb6 Nc2 19. Nxe6+ $14)) 14...
Nc2+ 15. Rxc2 Bxc2 16. Qxc2 Qxd4 $17 {Trygstad-Solozhenkin, Classics GM
Gausdal NOR 2001}) (11. Nxf5 Nxf5 $15) 11... Nxc6 12. Qf4 (12. Qd1 Nb4 13. Na3
Nxd5) 12... Nb4 $1 (12... Qxd5 13. Bf3 Qd7 (13... Bb4+ 14. Nc3 $16) 14. O-O $14
) 13. O-O Nxd5 (13... Nc2 {is too adventurous after} 14. Nc3 Nxa1 15. Rxa1 $44)
14. Qf3 Rc8 (14... Be7 15. Nc3 $14) 15. Rd1 Bb4 $13 {and Black will finish his
development with ease.}) 11. Nxc6 Qd7 12. Nc3 Nxe3 $6 {Taking the wrong piece,
although it looks very logical.} (12... bxc6 13. Rd1 Qb7 (13... Nxc3 14. bxc3
$16) 14. Nxd5 exd5 15. O-O $14 {and Black has weaknesses on the <<.}) (12...
Nxc3 $1 {was required, because after} 13. bxc3 Qxc6 {is possible in contrary
to the game!} 14. Qxc6+ bxc6 15. Bf3 Kd7 $11) 13. fxe3 bxc6 ({Now} 13... Qxc6
$2 {simply loses to} 14. Bb5 $18) 14. Bf3 Rc8 15. Ne2 $6 ({It was time for
hunting pawns!} 15. Qxa6 $142 Bd3 (15... Bc5 16. Rd1 Qc7 17. Rd6 $1 {This
positional exchange sacrifice is the point!} Bxd6 (17... O-O 18. Rxc6 $18) 18.
exd6 Qd7 19. Na4 Qd8 20. d7+ $1 Kxd7 21. Nb6+ Ke7 22. Nxc8+ Qxc8 23. Qa3+ c5
24. Qa7+ $16) 16. Qb6 (16. Qa4 Qb7 17. Rd1 Ba6 $44) 16... Be7 17. Rd1 $1 $16)
15... Bc5 $1 16. Nd4 (16. Rc1 $6 Bxe3 17. Bxc6 Rxc6 18. Qxc6 (18. Rxc6 Qd2+ 19.
Kf1 O-O $19) 18... Bxc1 $17) 16... Bxd4 17. exd4 (17. Qxd4 Qxd4 18. exd4 Ke7
$11) 17... c5 $1 {Black can change the structure just in time.} 18. Qxd7+ Kxd7
19. d5 (19. Rd1 cxd4 20. Rxd4+ Ke7 21. O-O Rc5 $15 {>< e5}) 19... c4 20. O-O-O
$1 (20. O-O Rc5 21. dxe6+ Kxe6 $15) 20... Bd3 21. dxe6+ (21. Rhe1 Rc5 22. dxe6+
(22. d6 f6) 22... Kxe6 23. Bg4+ Ke7 $11) 21... fxe6 {The _|_ looks OK for
Black.} (21... Kxe6 {leads to a completely drawish R _|_.} 22. Bg4+ Bf5 23.
Bxf5+ Kxf5 24. Rd7 Ke6 25. Rhd1 $11) 22. Kd2 (22. Bb7 Rc5 $1 23. Bxa6 $2 Ra8
24. b4 {founders on the forceful} Rxa6 $1 (24... cxb3+ 25. Kb2 $11) 25. bxc5
Rxa2 $17) (22. Rhe1 Rc5 23. Kd2 Ke7 24. Kc3 {- 22.Kd2}) 22... Rc5 23. Kc3 Ke7 (
23... Rxe5 24. b3 $14) 24. b4 (24. Rhe1 Ra5 $11) 24... Rxe5 25. Rhe1 Rxe1 26.
Rxe1 {White has sacrificed a P, but >< a6 is very vulnerable, and the c4 o^ is
blockaded.} Kd6 27. Bb7 Rf8 28. a4 (28. Bxa6 Rf2 29. Bxc4 Bxc4 30. Kxc4 Rxa2
31. Rd1+ $11) 28... Rf2 29. Bxa6 {White now has two connected remote passed
pawns, but the black R is very active.} Rc2+ (29... Rxg2 30. Bxc4 Bxc4 31. Kxc4
Rc2+ 32. Kb5 Rxh2 33. a5 $11) 30. Kd4 Bg6 (30... Rxg2 31. Bxc4 Bxc4 32. Kxc4
Rxh2 $11) 31. Bxc4 e5+ 32. Rxe5 Rxc4+ 33. Kxc4 Kxe5 34. Kc5 Ke6 {[#]} 35. Kc6
$4 {This is a terrible blunder, probably in time trouble.} (35. a5 Kd7 36. b5
Kc8 37. Kb6 Kb8 38. g4 $11) 35... Be8+ 0-1

[Event "RUS-chT 12th"]
[Site "Sochi"]
[Date "2005.04.22"]
[Round "4"]
[White "Rublevsky, Sergei"]
[Black "Bologan, Viktor"]
[Result "0-1"]
[WhiteElo "2645"]
[BlackElo "2700"]
[Annotator "Lukacs,P"]
[PlyCount "70"]
[EventDate "2005.04.19"]
[EventType "team-tourn"]
[EventRounds "11"]
[EventCountry "RUS"]
[SourceTitle "EXT 2020"]
[Source "ChessBase"]
[SourceDate "2019.10.17"]
[SourceVersion "1"]
[SourceVersionDate "2019.10.17"]
[SourceQuality "1"]
[WhiteTeam "Kazan Ladya"]
[BlackTeam "Tomsk 400"]
[WhiteTeamCountry "RUS"]
[BlackTeamCountry "RUS"]

1. e4 c6 2. d4 d5 3. e5 Bf5 4. Be3 e6 5. Nd2 Nd7 6. Be2 f6 7. Ngf3 {The fight
for the e5 square begins.} Qc7 8. Bf4 {White wants to keep his stronghold on
e5.} (8. exf6 Ngxf6 $13 {helps only for Black to finish his development.}) 8...
fxe5 (8... Ne7 9. Bg3 (9. exf6 {is again good for Black, he can quickly finish
his development.} Qxf4 10. fxe7 Bxe7 11. O-O O-O $13) 9... Qb6 10. Nb3 Be4 11.
O-O Nf5 12. Bf4 O-O-O 13. a4 $36) 9. Nxe5 Bd6 10. Ndf3 (10. g4 $6 {weakens
only his own position.} Bg6 (10... Be4 $5) 11. Nxg6 hxg6 12. Bxd6 Qxd6 13. c3
e5 14. h4 O-O-O $15) (10. Bg4 Bxe5 11. dxe5 {and if White takes back with P,
his P structure is not better anymore.} Ne7 $13) 10... Ngf6 11. O-O O-O (11...
Ng4 12. Bd3 (12. Nxg4 Bxf4 $13) 12... Bxd3 13. Qxd3 $14) 12. Bg3 (12. Re1 $5 {
weakens >< f2.} Ng4 $1 (12... Nh5 13. Nxd7 $14) 13. Nxd7 Bxf4 $1 14. Nxf8 Bxh2+
15. Kf1 Rxf8 $1 (15... Qg3 $5 16. fxg3 Ne3+ 17. Kf2 Ng4+ $11) 16. Bd3 Bg3 17.
Bxf5 Rxf5 18. Rxe6 Nxf2 $40) 12... Rae8 (12... Nh5 $5 {immediately attacking
the B was logical.} 13. Nxd7 Nxg3 14. hxg3 Qxd7 15. Bd3 $11) (12... Ne4 $11 {
is about the same and White cannot hold the e5 square forever.}) 13. Re1 Ne4
14. Nxd7 Qxd7 15. Bxd6 Qxd6 16. Bd3 $2 {White overlooks Black's active
counterplay.} (16. c3 {was the caotious reply.} e5 $5 {This is the radical way
of solving the problem of >< e5!} (16... c5 17. Qa4 (17. Rf1 Qb6) 17... a6 $13)
17. dxe5 (17. Nxe5 Nxf2 $1) 17... Qg6 18. Nh4 Qh6 19. Nf3 Qg6 $44 {with
repetition of moves.}) 16... Qb4 $1 (16... Bg4 $5 17. Bxe4 dxe4 18. Rxe4 Bxf3
19. gxf3 Rf6 $44 {and White's >> is corrupted, the extra P is not a big deal.})
17. Rb1 c5 18. a3 Qb6 19. Bxe4 (19. c3 e5 $1 $36 {and White has no time for a
blockade of e5.}) 19... dxe4 (19... Bxe4 $15) 20. dxc5 Qxc5 21. Qd4 (21. Nd4
Bg6 $17) 21... Qxc2 22. Rbc1 (22. Ne5 Rd8 23. Qxa7 Rd5 $15) 22... Qd3 {Black
has won a P, White has to blockade the position.} 23. Red1 e5 $1 {If your Q is
attacked, counterattack the enemy Q!} 24. Qb4 Qa6 $1 (24... Rc8 25. Nxe5 Rxc1
26. Rxc1 Qd5 27. Qc3 $15) 25. Rd6 b6 26. Ng5 Rc8 27. Qb3+ Kh8 28. Rcd1 (28.
Rdd1 $142 Bg6 $15) 28... Qb7 29. f3 (29. Qe3 h6 {and the white N is in trouble.
} 30. Ne6 Rf6 $1 31. Rd7 Qc6 $17) 29... Qc7 (29... exf3 30. Qxf3 Qxf3 31. Nxf3
e4 32. Nd4 Kg8 33. Nxf5 Rxf5 {The e o^ is dangerous, the white K is cut off
the f file.} 34. Re6 h5 35. Rxe4 Rc2 $17) 30. fxe4 Qc5+ 31. Kh1 Bg4 32. Nf3 Qf2
33. R6d2 {[#]} Rxf3 $1 $19 {[%mdl 64] Simple, but pretty.} 34. Qxf3 Qxd2 35.
Qxg4 Rc1 0-1